Statistics for Robert Frost Bibliography

Click here to take the quiz!

General Stats

  • This quiz has been taken 32 times
  • The average score is 114 of 385

Answer Stats

TypeYearName% Correct
Poem1923Stopping by Woods on a Snowy Evening
100%
Poem1916The Road Not Taken
100%
Poem1914After Apple-Picking
86%
Poem1923Fire and Ice
86%
Poem | Poetry Collection1923New Hampshire
86%
Poem1914The Pasture
86%
Poem1913A Late Walk
71%
Poem1913Flower-Gathering
71%
Poem1913Into My Own
71%
Poem1913My Butterfly
71%
Poem1913My November Guest
71%
Poem1923Nothing Gold Can Stay
71%
Poem1913October
71%
Poem1916Out, Out---
71%
Poem1916Snow
71%
Poem1913Storm Fear
71%
Poem1923The Ax-Helve
71%
Poem1929The Bear
71%
Poem1914The Death of the Hired Man
71%
Poem1929The Egg and the Machine
71%
Poem1914The Mountain
71%
Poem1916The Oven Bird
71%
Poem1923To E.T.
71%
Poem | Poetry Collection1929West-Running Brook
71%
Poem1929Acquainted with the Night
57%
Poem1913A Dream Pang
57%
Poem1913A Line-Storm Song
57%
Poem1916An Old Man's Winter Night
57%
Poem1913Asking for Roses
57%
Poem1929Bereft
57%
Poem1916Birches
57%
Poem1914Blueberries
57%
Poem1923Blue-Butterfly Day
57%
Poem1929Canis Major
57%
Poem1916Christmas Trees
57%
Poem1936Departmental
57%
Poem1936Design
57%
Poem1947Directive
57%
Poem1923Dust of Snow
57%
Poem1923Fragmentary Blue
57%
Poem1923Gathering Leaves
57%
Poem1913Ghost House
57%
Poem1942Happiness Makes Up in Height for What It Lacks in Length
57%
Poem1913Love and a Question
57%
Poem1923Maple
57%
Poem1913Mowing
57%
Poem1929On Looking Up by Chance at the Constellations
57%
Poem1913Pan with Us
57%
Poem1923Paul's Wife
57%
Poem1913Reluctance
57%
Poem1929Spring Pools
57%
Poem1913Stars
57%
Poem1914The Black Cottage
57%
Poem1916The Cow in Apple Time
57%
Poem1923The Earthward
57%
Poem1914The Fear
57%
Poem1942The Gift Outright
57%
Poem1916The Hill Wife
57%
Poem1942The Most of It
57%
Poem1923The Star-Splitter
57%
Poem1916The Vanishing Red
57%
Poem1914The Wood-Pile
57%
Poem1913To the Thawing Wind
57%
Poem1929Tree at My Window
57%
Poem1936Two Tramps in Mud Time
57%
Poem1923Two Witches
57%
Poem1923A Brook in the City
43%
Poem1923A Fountain, a Bottle, a Donkey's Ears, and Some Books
43%
Poem1923A Hillside Thaw
43%
Poem1914A Hundred Collars
43%
Poem1936A Leaf Treader
43%
Play1947A Masque of Mercy
43%
Play1945A Masque of Reason
43%
Poem1929A Minor Bird
43%
Poem1942An Answer
43%
Poem1929A Passing Glimpse
43%
Poem1916A Patch of Old Snow
43%
Poem1929A Peck of Gold
43%
Poem1913A Prayer in Spring
43%
Poem1942A Question
43%
Poem1914A Servant to Servants
43%
Poem1923A Star in a Stone-Boat
43%
Poem1916A Time to Talk
43%
Poem1929Atmosphere
43%
Poetry Collection1942A Witness Tree
43%
Poem1916Bond and Free
43%
Poem1942Carpe Diem
43%
Poem1942Come In
43%
Poem1936Desert Places
43%
Poem1929Devotion
43%
Poem1929Fireflies in the Garden
43%
Poem1923For Once, Then, Something
43%
Poem1913Going for Water
43%
Poem1923Good-by and Keep Cold
43%
Poem1914Good Hours
43%
Poem1947Haec Fabula Docet
43%
Poem1914Home Burial
43%
Poem1916Hyla Brook
43%
Poem1913In a Vale
43%
Poem1913In Equal Sacrifice
43%
Poem1913In Neglect
43%
Poetry Collection1962In the Clearing
43%
Poem1916In the Home Stretch
43%
Poem1923I Will Sing You One-O
43%
Poem1916Locked Out
43%
Poem1929Lodged
43%
Poem1914Mending Well
43%
Poem1923Not to Keep
43%
Poem1942November
43%
Poem1913Now Close the Windows
43%
Poem1923On a Tree Fallen Across the Road
43%
Poem1929Once by the Pacific
43%
Poem1916Pea Brush
43%
Poem1923Place for a Third
43%
Poem1936Provide, Provide
43%
Poem1916Range-Finding
43%
Poem1913Revelation
43%
Poem1913Rose Pogonias
43%
Poem1913Spoils of the Dead
43%
Poem1923The Aim Was Song
43%
Poem1916The Bonfire
43%
Poem1923The Census-Taker
43%
Poem1914The Code
43%
Poem1913The Demiurge's Laugh
43%
Poem1929The Door in the Dark
43%
Poem1916The Exposed Nest
43%
Poem1947The Fear of God
43%
Poem1947The Fear of Man
43%
Poem1929The Flood
43%
Poem1929The Flower Boat
43%
Poem1914The Generations of Men
43%
Poem1923The Grindstone
43%
Poem1916The Gum-Gatherer
43%
Poem1914The Housekeeper
43%
Poem1929The Investment
43%
Poem1916The Last Word of a Blue Bird
43%
Poem1916The Line-Gang
43%
Poem1942The Literate Farmer and the Planet Venus
43%
Poem1923The Lockless Door
43%
Poem1929The Lovely Shall Be Choosers
43%
Poem1962The Milky Way Is a Cowpath
43%
Poem1923The Need of Being Versed in Country Things
43%
Poem1914The Self-Seeker
43%
Poem1916The Telephone Machine
43%
Poem1929The Thatch
43%
Poem1913The Trial by Existence
43%
Poem1913The Tuft of Flowers
43%
Poem1913The Vantage Point
43%
Poem1923Two Look at Two
43%
Poem1929What Fifty Said
43%
Poem1923Wild Grapes
43%
Poem1913Wind and Window Flower
43%
Poem1936A Blue Ribbon at Amesbury
29%
Poetry Collection1913A Boy's Will
29%
Poem1962A Cabin in the Clearing
29%
Poem1929Acceptance
29%
Poem1942A Considerable Speck (Microscopic)
29%
Poem1936A Drumlin Woodchuck
29%
Poem1936After-Flakes
29%
Poem1916A Girl's Garden
29%
Poem1942All Revelation
29%
Poem1936A Lone Striker
29%
Poem1936A Missive Missile
29%
Poem1923An Empty Threat
29%
Poem1936A Record Stride
29%
Poem1936A Roadside Stand
29%
Poem1947A Rogers Group
29%
Poem1936Assertive
29%
Poem1962Auspex
29%
Poem1962Away!
29%
Poem1929A Winter Eden
29%
Poem1947A Young Birch
29%
Poem1936Build Soil
29%
Poem1962But Outer Space
29%
Poem1936Clear and Colder
29%
Poem1962Closed for Good
29%
Poem1962Ends
29%
Poem1947Etherealizing
29%
Poem1962From Iron
29%
Poem1942I Could Give All to Time
29%
Poem1923In a Disguised Graveyard
29%
Poem1962In a Glass of Cider
29%
Poem1936In Divés Dive
29%
Poem1936In Time of Cloudburst
29%
Poem1942It Is Almost the Year Two Thousand
29%
Poem1962Kitty Hawk
29%
Poem1936Leaves Compared with Flowers
29%
Poem1923Looking for a Sunset Bird in Winter
29%
Poem1916Meeting and Passing
29%
Poem1923Misgiving
29%
Poem1936Moon Compasses
29%
Poetry Collection1916Mountain Interval
29%
Poem1936Neither Out Far Nor in Deep
29%
Poem1936On a Bird Winging in Its Sleep
29%
Poem1929On Going Unnoticed
29%
Poem1942On Our Sympathy with the Under Dog
29%
Poem1936On the Heart's Beginning to Cloud the Mind
29%
Poem1942Our Hold on the Planet
29%
Poem1936Pertinax
29%
Poem1923Plowmen
29%
Poem1916Putting in the Seed
29%
Poem1962Questioning Faces
29%
Poem1929Sand Dunes
29%
Poem1962Some Science Fiction
29%
Poem1936The Andes
29%
Poem1962The Draft House
29%
Poem1936The Figure in the Doorway
29%
Poem1929The Freedom of the Moon
29%
Poem1936The Hardship of Accounting
29%
Poem1936The Himalayas
29%
Poem1923The Kitchen Chimney
29%
Poem1929The Last Mowing
29%
Song1933The Lone Striker
29%
Poem1936The Malverns
29%
Poem1936The Master Speed
29%
Poem1936The Old Barn at the Bottom of the Fogs
29%
Poem1923The Onset
29%
Poem1936There Are Roughly Zones
29%
Poem1923The Runaway
29%
Poem1942The Silken Tent
29%
Poem1916The Sound of Trees
29%
Poem1936The Strong Are Saying Nothing
29%
Poem1942The Subverted Flower
29%
Poem1929The Times Table
29%
Poem1936The White-Tailed Hornet
29%
Poem1936The Wrights' Biplane
29%
Poem1947Too Anxious for Rivers
29%
Poem1962Version
29%
Poem1936Voice Ways
29%
Poem1913Waiting - Afield at Dusk
29%
Poem1923A Boundless Moment
14%
Poem1947A Cliff Dwelling
14%
Poem1942A Cloud Shadow
14%
Poetry Collection1936A Further Range
14%
Poem1942A Loose Mountain (Telescopic)
14%
Poem1942A Nature Note
14%
Poem1942An Equalizer
14%
Poem1962A Reflex
14%
Poem1942A Semi-Revolution
14%
Poem1929A Soldier
14%
Poem1942Assurance
14%
Poem1936A Trial Run
14%
Poem1936At Woodward's Gardens
14%
Poem1962A-Wishing Well
14%
Poem1916Brown's Descent, or the Willy-Nilly Slide
14%
Poem1947Bursting Rapture
14%
Poem1943Choose Something Like a Star
14%
Poem1929Dust in the Eyes
14%
Poem1962Escapist - Never
14%
Poem1923Evening in a Sugar Orchard
14%
Poem1936Evil Tendencies Cancel
14%
Poem1962Forgive, O Lord
14%
Poem1929Hannibal
14%
Poem1929Immigrants
14%
Poem1962In Winter in the Woods Alone
14%
Poem1936Lost in Heaven
14%
Poem1942Never Again Would Birds' Song Be the Same
14%
Poem1947No Holy Wars for Them
14%
Poetry Collection1914North of Boston
14%
Poem1936Not All There
14%
Poem1942Not of School Age
14%
Poem1936Not Quite Social
14%
Poem1947On Being Idolized
14%
Poem1962One More Brevity
14%
Poem1947One Step Backward Taken
14%
Poem1923On Singing Strength
14%
Poem1936On Taking from the Top to Broaden the Base
14%
Poem1962Our Doom to Bloom
14%
Poem1942Over Back: Trespass
14%
Poem1962Peril of Hope
14%
Poem1962Pod of the Milkweed
14%
Poem1962Quandary
14%
Poem1942Quantula: In a Poem
14%
Poem1929Riders
14%
Poetry Collection1923 | 1928Selected Poems
14%
Poetry Collection1934Selected Poems: Third Edition
14%
Poem1929Sitting by a Bush in Broad Sunlight
14%
Poem1947Skeptic
14%
Poetry Collection1947Steeple Bush
14%
Poem1929The Armful
14%
Poem1936The Bearer of Evil Tidings
14%
Poem1929The Cocoon
14%
Poem1942The Discovery of the Madeiras
14%
Poem1916The Encounter
14%
Poem1936The Gold Hesperidee
14%
Poem1942The Lost Follower
14%
Poem1947The Middleness of the Road
14%
Poem1947The Night Light
14%
Poem1962The Objection to Being Stepped On
14%
Poem1929The Peaceful Shepherd
14%
Poem1947The Planners
14%
Poem1942The Quest of the Purple-Fringed
14%
Poem1942The Rabbit Hunter
14%
Poem1929The Rose Family
14%
Poem1942The Secret Sits
14%
Poem1923The Valley's Singing Day
14%
Poem1936The Vindictives
14%
Poem1936They Were Welcome to Their Belief
14%
Poem1942Time Out. Time Out.
14%
Poem1942To a Moth Seen in Winter
14%
Poem1936To a Thinker
14%
Poem1942To a Young Wretch (Boethian)
14%
Poem1936Unharvested
14%
Poem1947U.S. 1946 King's X
14%
Poem1936Waspish
14%
Poem1947Why Wait for Science
14%
Poem1942Willful Homing
14%
Poem1947A Case for Jefferson
0%
Poem1962Accidentally on Purpose
0%
Poem1962A Concept Self-Conceived
0%
Poetry Collection1954Aforesaid
0%
Poem1962America Is Hard to See
0%
Poem1947A Mood Apart
0%
Poem1962A Never Naught Song
0%
Poem1947An Importer
0%
Poem1944An Unstamped Letter in Our Rural Letter Box
0%
Poem1947Any Size We Please
0%
Poetry Collection1959A Remembrance Collection of New Poems
0%
Poem1942A Serious Step Lightly Taken
0%
Poem1947A Steeple on the House
0%
Poem1947Astrometaphysical
0%
Play1929A Way Out: A One Act Play
0%
Poem1947A Wish to Comply
0%
Poem1947Beyond Words
0%
Poem1942Boeotian
0%
Poem1947Bravado
0%
Poem1962But God's Own Descent
0%
Poetry Collection1930 | 1939Collected Poems of Robert Frost
0%
Writings Collection1995Collected Poems, Prose and Plays
0%
Poetry Collection1943Come In, and Other Poems
0%
Poetry Collection1949Complete Poems of Robert Frost
0%
Poem1962Does No One at All Ever Feel This Way in the Least?
0%
Letter Collection1972Family Letters of Robert and Elinor Frost
0%
Poem1962For John F. Kennedy His Inauguration
0%
Poem1962Four-Room Shack Aspiring High
0%
Poetry Collection1936From Snow to Snow
0%
Poetry Collection1951Hard Not to Be King
0%
Poem1962How Hard It Is to Keep from Being King When It's in You and in the Situation
0%
Poem1947Innate Helium
0%
Interview Collection1966Interviews with Robert Frost
0%
Poem1947In the Long Night
0%
Poem1947Iota Subscript
0%
Poem1936Iris by Night
0%
Poem1947It Bids Pretty Fair
0%
Poem1962It Takes All Sorts of In and Outdoor Schooling
0%
Poem1962Lines Written in Dejection on the Eve of Great Success
0%
Poem1947Lucretius Versus the Lake Poets
0%
Poem1942Of the Stones of the Place
0%
Poem1962On Being Chosen Poet of Vermont
0%
Poem1936One Guess
0%
Poem1947On Making Certain Anything Has Happened
0%
Poem1936Precaution
0%
Letter Collection1963Robert Frost and John Bartlett: The Record of a Friendship
0%
Letter Collection1981Robert Frost and Sidney Cox: Forty Years of Friendship
0%
Spoken Word1957Robert Frost Reads His Poetry
0%
Letter Collection1964Selected Letters of Robert Frost
0%
Poetry Collection1924Several Short Poems
0%
Poem1947Something for Hope
0%
Poem1962The Bad Island - Easter
0%
Poem1929The Birthplace
0%
Poem1947The Broken Drought
0%
Poem1947The Courage to Be New
0%
Play1929The Cow's in the Corn: A One Act Irish Play in Rhyme
0%
Poem1947The Ingenuities of Debt
0%
Poem1942The Lesson for Today
0%
Letter Collection1963The Letters of Robert Frost to Louis Untermeyer
0%
Letter Collection2014The Letters of Robert Frost, Volume 1, 1886-1920
0%
Letter Collection2016The Letters of Robert Frost, Volume 2, 1920-1928
0%
Poetry Collection1929The Lovely Shall Be Choosers, The Poetry Quartos
0%
Notebook Collection2007The Notebooks of Robert Frost
0%
Poetry Collection1969The Poetry of Robert Frost
0%
Poem1936The Span of Life
0%
Poem1942The Wind and the Rain
0%
Poetry Collection1935Three Poems
0%
Poem1947To an Ancient
0%
Poem1947To the Right Person
0%
Poem1942Triple Bronze
0%
Poem1947Two Leading Lights
0%
Poem1947Were I in Trouble
0%
Poem1962We Vainly Wrestle with the Blind Belief
0%
Poetry Collection1959You Come Too: Favorite Poems for Young Readers
0%

Score Distribution

Percentile by Number Answered

Percent of People with Each Score

Your Score History

You have not taken this quiz